[Event "8th RTU Open 2018"]
[Site "Riga"]
[Date "2018.08.08"]
[Round "4"]
[White "Kulaots, Kaido"]
[Black "Faibisovich, Vadim Z"]
[Result "1-0"]
[WhiteElo "2554"]
[BlackElo "2310"]
[Annotator "ChessBase"]
[PlyCount "192"]
[EventDate "2018.08.06"]
[EventType "swiss"]
[EventCountry "LAT"]
[SourceTitle "playchess.com"]
[Source "ChessBase"]
[SourceQuality "1"]
[TimeControl "5400+30"]

1. c4 {[%emt 0:00:00]} e5 {[%emt 0:01:12]} 2. Nc3 {[%emt 0:00:00]} Nf6 {[%emt 0:00:29]} 3. Nf3 {[%emt 0:00:00]} Nc6 {[%emt 0:00:35]} 4. e3 {[%emt 0:00:00]} d5 {[%emt 0:03:32]} 5. cxd5 {[%emt 0:00:09]} Nxd5 {[%emt 0:00:09]} 6. Bb5 {[%emt 0:00:20]} Nxc3 {[%emt 0:02:08]} 7. bxc3 {[%emt 0:01:46]} Bd6 {[%emt 0:11:55]} 8. d4 {[%emt 0:01:01]} exd4 {[%emt 0:01:53]} 9. cxd4 {[%emt 0:05:31]} O-O {[%emt 0:00:53]} 10. O-O {[%emt 0:00:10]} Bg4 {[%emt 0:03:26]} 11. h3 {[%emt 0:01:52]} Bh5 {[%emt 0:00:47]} 12. Rb1 {[%emt 0:06:47]} Qf6 {[%emt 0:07:56]} 13. Be2 {[%emt 0:15:43]} b6 {[%emt 0:03:50]} 14. Bb2 {[%emt 0:10:17]} Bg6 {[%emt 0:04:56]} 15. Rc1 {[%emt 0:02:07]} Ne7 {[%emt 0:07:07]} 16. Nd2 {[%emt 0:11:06]} Qe6 {[%emt 0:07:10]} 17. e4 {[%emt 0:10:52]} Bxe4 {[%emt 0:13:31]} 18. Nxe4 {[%emt 0:00:36]} Qxe4 {[%emt 0:00:09]} 19. Bf3 {[%emt 0:00:05]} Qe6 {[%emt 0:00:37]} 20. Bxa8 {[%emt 0:20:51]} Qxa2 {[%emt 0:00:29]} 21. Ra1 {[%emt 0:02:22]} Qxb2 {[%emt 0:00:22]} 22. Be4 {[%emt 0:02:11]} Qb5 {[%emt 0:04:51]} 23. Rxa7 {[%emt 0:00:14]} Qg5 {[%emt 0:00:30]} 24. Qd3 {[%emt 0:00:51]} h5 {[%emt 0:06:42]} 25. Rfa1 {[%emt 0:00:25]} g6 {[%emt 0:00:59]} 26. Qf3 {[%emt 0:00:40]} h4 {[%emt 0:03:00]} 27. Qe3 {[%emt 0:02:33]} Qf4 {[%emt 0:01:20]} 28. Qxf4 {[%emt 0:00:14]} Bxf4 {[%emt 0:00:10]} 29. Kf1 {[%emt 0:00:16]} Kg7 {[%emt 0:01:23]} 30. Ke2 {[%emt 0:00:13]} f5 {[%emt 0:00:35]} 31. Bf3 {[%emt 0:00:49]} Kf6 {[%emt 0:01:15]} 32. Ra8 {[%emt 0:00:08]} Rxa8 {[%emt 0:02:01]} 33. Rxa8 {[%emt 0:00:05]} g5 {[%emt 0:00:31]} 34. Rf8+ {[%emt 0:00:43]} Kg7 {[%emt 0:02:44]} 35. Re8 {[%emt 0:00:05]} Bd6 {[%emt 0:00:16]} 36. Rb8 {[%emt 0:01:39]} Ng6 {[%emt 0:00:22]} 37. Kd3 {[%emt 0:00:36]} Nf4+ {[%emt 0:00:40]} 38. Kc4 {[%emt 0:00:03]} g4 {[%emt 0:01:05]} 39. hxg4 {[%emt 0:00:06]} fxg4 {[%emt 0:00:09]} 40. Bxg4 {[%emt 0:00:40]} Nxg2 {[%emt 0:00:09]} 41. Re8 {[%emt 0:01:36]} Nf4 {[%emt 0:00:22]} 42. Re3 {[%emt 0:00:04]} Kf6 {[%emt 0:00:56]} 43. Bd7 {[%emt 0:00:08]} Kg5 {[%emt 0:00:53]} 44. Kb5 {[%emt 0:00:18]} Nd5 {[%emt 0:01:08]} 45. Rf3 {[%emt 0:00:17]} Nf4 {[%emt 0:01:12]} 46. Kc6 {[%emt 0:00:26]} Kf6 {[%emt 0:00:53]} 47. Kb5 {[%emt 0:00:09]} Ke7 {[%emt 0:00:51]} 48. Bg4 {[%emt 0:00:09]} Kf6 {[%emt 0:00:14]} 49. Kc4 {[%emt 0:00:08]} Kg5 {[%emt 0:00:08]} 50. Bd7 {[%emt 0:00:04]} Kf6 {[%emt 0:00:08]} 51. Re3 {[%emt 0:01:00]} Kg5 {[%emt 0:00:26]} 52. Re8 {[%emt 0:01:00]} Kg6 {[%emt 0:01:40]} 53. Rg8+ {[%emt 0:00:43]} Kf6 {[%emt 0:01:02]} 54. Rg4 {[%emt 0:01:09]} Nh3 {[%emt 0:00:26]} 55. f3 {[%emt 0:02:47]} Ng5 {[%emt 0:00:49]} 56. f4 {[%emt 0:00:36]} Ne6 {[%emt 0:00:28]} 57. Rxh4 {[%emt 0:03:07]} Nxf4 {[%emt 0:00:09]} 58. Rh6+ {[%emt 0:00:09]} Kg5 {[%emt 0:00:40]} 59. Rh1 {[%emt 0:00:13]} Kf6 {[%emt 0:00:23]} 60. Re1 {[%emt 0:00:16]} Kg5 {[%emt 0:00:39]} 61. d5 {[%emt 0:00:20]} Kf6 {[%emt 0:00:31]} 62. Kd4 {[%emt 0:00:24]} Ng6 {[%emt 0:00:48]} 63. Re6+ {[%emt 0:00:07]} Kg7 {[%emt 0:00:40]} 64. Be8 {[%emt 0:00:32]} Ne7 {[%emt 0:00:39]} 65. Ke4 {[%emt 0:00:31]} Kf8 {[%emt 0:00:39]} 66. Bb5 {[%emt 0:00:08]} Kg7 {[%emt 0:00:19]} 67. Bc4 {[%emt 0:01:20]} Kf7 {[%emt 0:00:40]} 68. Be2 {[%emt 0:00:37]} Kg7 {[%emt 0:00:19]} 69. Kd4 {[%emt 0:00:15]} Nf5+ {[%emt 0:00:16]} 70. Kc4 {[%emt 0:00:17]} b5+ {[%emt 0:00:30]} 71. Kd3 {[%emt 0:00:24]} b4 {[%emt 0:00:21]} 72. Kc4 {[%emt 0:00:05]} Ne7 {[%emt 0:00:18]} 73. Bd3 {[%emt 0:00:48]} Kf7 {[%emt 0:00:21]} 74. Re1 {[%emt 0:00:37]} Kf6 {[%emt 0:00:24]} 75. Be2 {[%emt 0:00:31]} Ke5 {[%emt 0:01:12]} 76. Bg4+ {[%emt 0:00:06]} Kf6 {[%emt 0:01:40]} 77. Kd4 {[%emt 0:00:02]} Ng6 {[%emt 0:01:00]} 78. Ke4 {[%emt 0:00:23]} Ne7 {[%emt 0:00:20]} 79. Rf1+ {[%emt 0:00:17]} Kg7 {[%emt 0:00:42]} 80. Bd7 {[%emt 0:00:32]} Kg6 {[%emt 0:00:23]} 81. Rg1+ {[%emt 0:01:38]} Kf6 {[%emt 0:00:48]} 82. Be8 {[%emt 0:00:06]} Nc8 {[%emt 0:00:47]} 83. Rg6+ {[%emt 0:01:11]} Ke7 {[%emt 0:00:02]} 84. Rg8 {[%emt 0:01:24]} Kf6 {[%emt 0:00:24]} 85. Bd7 {[%emt 0:00:44]} Ne7 {[%emt 0:00:32]} 86. Rg2 {[%emt 0:00:04]} Kf7 {[%emt 0:00:30]} 87. Bg4 {[%emt 0:00:04]} Kf6 {[%emt 0:00:48]} 88. Bh5 {[%emt 0:00:06]} Bc5 {[%emt 0:01:11]} 89. Rg3 {[%emt 0:00:52]} Bd6 {[%emt 0:00:12]} 90. Rg1 {[%emt 0:00:05]} Bc5 {[%emt 0:00:21]} 91. Rf1+ {[%emt 0:00:40]} Kg5 {[%emt 0:00:11]} 92. Be8 {[%emt 0:00:27]} Bd6 {[%emt 0:00:06]} 93. Rf2 {[%emt 0:01:30]} Bc5 {[%emt 0:00:42]} 94. Rf3 {[%emt 0:00:30]} Bd6 {[%emt 0:00:08]} 95. Rf1 {[%emt 0:00:04]} Nc8 {[%emt 0:02:17]} 96. Rf5+ {[%emt 0:00:27]} Kh6 1-0

[Event "8th RTU Open 2018"]
[Site "Riga"]
[Date "2018.08.08"]
[Round "4"]
[White "Kollars, Dmitrij"]
[Black "Kreisl, Robert"]
[Result "0-1"]
[WhiteElo "2549"]
[BlackElo "2404"]
[Annotator "ChessBase"]
[PlyCount "92"]
[EventDate "2018.08.06"]
[EventType "swiss"]
[EventCountry "LAT"]
[SourceTitle "playchess.com"]
[Source "ChessBase"]
[SourceQuality "1"]
[TimeControl "5400+30"]

1. e4 {[%emt 0:07:42]} Nf6 {[%emt 0:00:00]} 2. e5 {[%emt 0:00:28]} Nd5 {[%emt 0:00:00]} 3. Nc3 {[%emt 0:01:15]} Nxc3 {[%emt 0:07:15]} 4. dxc3 {[%emt 0:00:08]} Nc6 {[%emt 0:01:44]} 5. Nf3 {[%emt 0:00:23]} d6 {[%emt 0:01:34]} 6. Bf4 {[%emt 0:02:06]} Bg4 {[%emt 0:12:32]} 7. Bb5 {[%emt 0:00:18]} Qd7 {[%emt 0:00:22]} 8. h3 {[%emt 0:04:18]} Bxf3 {[%emt 0:00:59]} 9. Qxf3 {[%emt 0:00:07]} a6 {[%emt 0:00:19]} 10. Ba4 {[%emt 0:04:36]} e6 {[%emt 0:10:00]} 11. O-O-O {[%emt 0:02:47]} b5 {[%emt 0:00:41]} 12. Bb3 {[%emt 0:02:33]} Rd8 {[%emt 0:09:05]} 13. c4 {[%emt 0:10:51]} Na5 {[%emt 0:02:05]} 14. exd6 {[%emt 0:07:51]} cxd6 {[%emt 0:01:34]} 15. cxb5 {[%emt 0:11:31]} axb5 {[%emt 0:04:18]} 16. Bd5 {[%emt 0:07:14]} exd5 {[%emt 0:06:37]} 17. Qc3 {[%emt 0:01:34]} Qf5 {[%emt 0:03:24]} 18. Rhe1+ {[%emt 0:06:43]} Be7 {[%emt 0:01:09]} 19. Bh6 {[%emt 0:01:03]} Rc8 {[%emt 0:08:41]} 20. g4 {[%emt 0:05:04]} Rxc3 {[%emt 0:00:22]} 21. gxf5 {[%emt 0:00:02]} gxh6 {[%emt 0:00:19]} 22. bxc3 {[%emt 0:00:31]} Kd7 {[%emt 0:00:08]} 23. f6 {[%emt 0:00:33]} Bxf6 {[%emt 0:00:23]} 24. Rxd5 {[%emt 0:00:11]} Bxc3 {[%emt 0:05:32]} 25. Re3 {[%emt 0:01:50]} Kc6 {[%emt 0:00:27]} 26. Rf5 {[%emt 0:00:04]} Be5 {[%emt 0:00:08]} 27. f4 {[%emt 0:01:59]} Nc4 {[%emt 0:00:42]} 28. Re4 {[%emt 0:02:49]} Bb2+ {[%emt 0:02:01]} 29. Kd1 {[%emt 0:00:03]} d5 {[%emt 0:01:57]} 30. Re7 {[%emt 0:00:30]} Nd6 {[%emt 0:01:51]} 31. Rh5 {[%emt 0:00:13]} Bg7 {[%emt 0:00:49]} 32. Re3 {[%emt 0:01:55]} b4 {[%emt 0:07:51]} 33. Rg3 {[%emt 0:04:02]} Bc3 {[%emt 0:00:05]} 34. Ke2 {[%emt 0:00:12]} Re8+ {[%emt 0:01:43]} 35. Kf3 {[%emt 0:00:28]} Kc5 {[%emt 0:01:35]} 36. Rg2 {[%emt 0:01:29]} Bd4 {[%emt 0:00:23]} 37. f5 {[%emt 0:04:04]} Re3+ {[%emt 0:01:53]} 38. Kg4 {[%emt 0:00:07]} Re4+ {[%emt 0:00:35]} 39. Kf3 {[%emt 0:00:14]} Re3+ {[%emt 0:01:22]} 40. Kg4 {[%emt 0:00:04]} Re4+ {[%emt 0:00:34]} 41. Kf3 {[%emt 0:00:06]} Be3 {[%emt 0:00:43]} 42. h4 {[%emt 0:02:35]} f6 {[%emt 0:00:49]} 43. Rg8 {[%emt 0:00:53]} Kd4 {[%emt 0:01:35]} 44. Rf8 {[%emt 0:00:23]} Rf4+ {[%emt 0:00:07]} 45. Kg2 {[%emt 0:00:20]} Rf2+ {[%emt 0:00:13]} 46. Kh3 {[%emt 0:00:13]} Ne4 {[%emt 0:00:13]} 0-1

[Event "8th RTU Open 2018"]
[Site "Riga"]
[Date "2018.08.08"]
[Round "4"]
[White "Praggnanandhaa, R."]
[Black "Laurusas, Tomas"]
[Result "1/2-1/2"]
[WhiteElo "2532"]
[BlackElo "2463"]
[Annotator "RC"]
[PlyCount "66"]
[EventDate "2018.08.06"]
[EventType "swiss"]
[EventCountry "LAT"]
[SourceTitle "playchess.com"]
[Source "ChessBase"]
[SourceQuality "1"]
[TimeControl "5400+30"]

1. e4 {[%emt 0:00:00]} c5 {[%emt 0:00:00]} 2. Nf3 {[%emt 0:00:04]} e6 {[%emt 0:00:00]} 3. d4 {[%emt 0:00:05]} cxd4 {[%emt 0:00:00]} 4. Nxd4 {[%emt 0:00:05]} Nf6 {[%emt 0:00:00]} 5. Nc3 {[%emt 0:00:05]} d6 {[%emt 0:00:00]} 6. Be2 {[%emt 0:00:57]} Be7 {[%emt 0:00:44]} 7. O-O {[%emt 0:00:33]} a6 {[%emt 0:00:28]} 8. f4 {[%emt 0:02:01]} Qc7 {[%emt 0:00:16]} 9. g4 {[%emt 0:05:37]} Nc6 {[%emt 0:06:06]} 10. g5 {[%emt 0:05:05]} Nd7 {[%emt 0:00:19]} 11. Be3 {[%emt 0:13:24]} O-O {[%emt 0:11:31]} 12. f5 {[%emt 0:04:13]} Nxd4 {[%emt 0:00:10]} 13. Qxd4 {[%emt 0:00:34]} Qd8 {[%emt 0:08:50]} 14. f6 {[%emt 0:15:54]} gxf6 {[%emt 0:00:05]} 15. gxf6 {[%emt 0:00:10]} Bxf6 {[%emt 0:00:14]} 16. Rxf6 {[%emt 0:01:04]} Qxf6 {[%emt 0:02:47]} 17. Qxd6 {[%emt 0:00:28]} Qe5 {[%emt 0:10:48]} 18. Qd2 {[%emt 0:15:29]} f6 {[%emt 0:01:11]} 19. Kh1 {[%emt 0:02:11]} Kh8 {[%emt 0:00:55]} 20. Bd4 {[%emt 0:07:07]} Qc7 {[%emt 0:01:16]} 21. Qh6 {[%emt 0:12:16]} Qd8 {[%emt 0:02:39]} 22. e5 {[%emt 0:07:15]} Nxe5 {[%emt 0:05:34]} 23. Rg1 {[%emt 0:03:11]} Rg8 {[%emt 0:12:30]} 24. Rxg8+ {[%emt 0:00:18]} Kxg8 {[%emt 0:00:02]} 25. Bxe5 {[%emt 0:00:11]} fxe5 {[%emt 0:00:06]} 26. Ne4 {[%emt 0:00:15]} Qe7 {[%emt 0:02:46]} 27. Nf6+ {[%emt 0:00:40]} Kh8 {[%emt 0:00:05]} 28. Nxh7 {[%emt 0:00:19]} Qxh7 {[%emt 0:04:03]} 29. Qf8+ {[%emt 0:00:10]} Qg8 {[%emt 0:00:04]} 30. Qh6+ {[%emt 0:00:11]} Qh7 {[%emt 0:00:03]} 31. Qf8+ {[%emt 0:00:10]} Qg8 {[%emt 0:00:04]} 32. Qf6+ {[%emt 0:00:17]} Qg7 {[%emt 0:00:07]} 33. Qd8+ {[%emt 0:00:05]} Qg8 {[%emt 0:00:06]} 1/2-1/2

[Event "8th RTU Open 2018"]
[Site "Riga"]
[Date "2018.08.08"]
[Round "4"]
[White "Repka, Christopher"]
[Black "Miedema, David"]
[Result "1-0"]
[WhiteElo "2528"]
[BlackElo "2397"]
[Annotator "ChessBase"]
[PlyCount "51"]
[EventDate "2018.08.06"]
[EventType "swiss"]
[EventCountry "LAT"]
[SourceTitle "playchess.com"]
[Source "ChessBase"]
[SourceQuality "1"]
[TimeControl "5400+30"]

1. d4 {[%emt 0:06:58]} Nf6 {[%emt 0:00:00]} 2. Bg5 {[%emt 0:00:10]} d5 {[%emt 0:00:00]} 3. Nd2 {[%emt 0:01:51]} Nbd7 {[%emt 0:09:08]} 4. c3 {[%emt 0:06:09]} h6 {[%emt 0:00:46]} 5. Bh4 {[%emt 0:00:28]} g5 {[%emt 0:02:26]} 6. Bg3 {[%emt 0:00:04]} Nh5 {[%emt 0:00:04]} 7. e4 {[%emt 0:00:47]} Nxg3 {[%emt 0:00:05]} 8. hxg3 {[%emt 0:00:02]} dxe4 {[%emt 0:05:00]} 9. Nxe4 {[%emt 0:01:20]} Bg7 {[%emt 0:00:08]} 10. Nf3 {[%emt 0:11:39]} g4 {[%emt 0:04:27]} 11. Nh4 {[%emt 0:04:28]} Nb6 {[%emt 0:00:15]} 12. Bd3 {[%emt 0:05:44]} h5 {[%emt 0:12:34]} 13. Qe2 {[%emt 0:05:14]} e6 {[%emt 0:05:01]} 14. O-O-O {[%emt 0:06:10]} f5 {[%emt 0:06:05]} 15. Nc5 {[%emt 0:03:25]} Kf7 {[%emt 0:00:07]} 16. Kb1 {[%emt 0:13:05]} a5 {[%emt 0:16:12]} 17. f3 {[%emt 0:01:22]} Qd6 {[%emt 0:07:00]} 18. fxg4 {[%emt 0:03:56]} hxg4 {[%emt 0:00:08]} 19. Rdf1 {[%emt 0:01:52]} Kg8 {[%emt 0:06:03]} 20. Ng6 {[%emt 0:04:22]} Rxh1 {[%emt 0:00:35]} 21. Rxh1 {[%emt 0:00:02]} Bd7 {[%emt 0:02:21]} 22. Nf4 {[%emt 0:03:38]} Kf7 {[%emt 0:03:25]} 23. Rf1 {[%emt 0:04:22]} Qc6 {[%emt 0:04:48]} 24. a4 {[%emt 0:02:38]} e5 {[%emt 0:05:38]} 25. Nh5 {[%emt 0:01:44]} exd4 {[%emt 0:03:21]} 26. Bxf5 {[%emt 0:00:25]} 1-0

[Event "8th RTU Open 2018"]
[Site "Riga"]
[Date "2018.08.08"]
[Round "4"]
[White "Dragnev, Valentin"]
[Black "Hansen, Mads"]
[Result "1-0"]
[WhiteElo "2509"]
[BlackElo "2387"]
[Annotator "TA"]
[PlyCount "53"]
[EventDate "2018.08.06"]
[EventType "swiss"]
[EventCountry "LAT"]
[SourceTitle "playchess.com"]
[Source "ChessBase"]
[SourceQuality "1"]

{[%evp 19,53,83,82,64,71,52,70,75,75,75,73,73,74,50,128,139,137,127,147,137,178,186,183,142,166,131,119,148,151,138,132,148,388,383,2061,2047]} 1. Nf3 Nf6 2. d4 e6 3. e3 c5 4. Bd3 b6 5. O-O Bb7 6. c4 Be7 7. Nc3 O-O 8. d5 exd5 9. cxd5 d6 10. e4 Ba6 {LiveBook: 24 Games} 11. Bxa6 {E14: Queen's Indian: Classical Variation (4 e3)} (11. Re1 Bxd3 12. Qxd3 Nbd7 13. h3 Ne8 14. Bf4 Bf6 15. Rad1 Qe7 16. e5 Bxe5 17. Bxe5 dxe5 18. d6 Qe6 {1-0 (35) Richter,M (2505)-Mista,A (2588) Germany 2017}) 11... Nxa6 12. Re1 Nd7 13. Bf4 {White is slightly better.} Nc7 14. Qd3 a6 15. Rad1 Ne8 $146 ({Predecessor:} 15... f6 16. Nh4 Ne5 17. Qg3 Re8 18. Bc1 Bf8 {1-0 (43) Czebe,A (2468)-Kristjansson,S (2474) Beijing 2008}) 16. e5 dxe5 {[#]} (16... Nxe5 $14 17. Bxe5 (17. Nxe5 dxe5 18. d6 Bxd6 $14) 17... dxe5) 17. d6 $1 $16 {[%cal Rd6e7]} ({Don't take} 17. Bxe5 Bd6 $14) 17... Bxd6 18. Bxe5 ({But not} 18. Nxe5 $6 Nxe5 19. Bxe5 Bc7 $11) 18... Nxe5 19. Nxe5 Qh4 {[#]} 20. g3 $1 {[%cal Rg3h4][%mdl 1024] White has strong compensation.} Qh3 21. Qf3 $36 {[%mdl 2048] Keeping Black busy.} Rc8 22. Nd5 b5 23. Nc6 {[%cal Be5c6,Bc6d8,Bd8f7][%mdl 32]} Kh8 24. Nb6 Rc7 25. Qd5 Rb7 $2 (25... Qh6 $16 {keeps fighting.}) 26. Nd8 $18 Rb8 $2 (26... Rc7 27. Re4 g6) 27. Nxf7+ {Precision: White = 80%, Black = 42%.} 1-0

[Event "8th RTU Open 2018"]
[Site "Riga"]
[Date "2018.08.08"]
[Round "4"]
[White "Maiorov, Nikita"]
[Black "Vovk, Ilja"]
[Result "1-0"]
[WhiteElo "2504"]
[BlackElo "2294"]
[Annotator "TA"]
[PlyCount "61"]
[EventDate "2018.08.06"]
[EventType "swiss"]
[EventCountry "LAT"]
[SourceTitle "playchess.com"]
[Source "ChessBase"]
[SourceQuality "1"]

{[%evp 9,61,27,31,11,42,0,42,37,45,35,59,59,59,55,60,56,72,43,66,66,73,60,72,62,79,72,107,98,93,87,133,107,112,102,189,192,188,176,199,197,193,193,265,281,528,518,537,532,781,777,29994,29995,29995,29994]} 1. d4 d6 2. g3 e5 3. dxe5 dxe5 4. Qxd8+ Kxd8 5. Nc3 Nc6 {LiveBook: 3 Games} 6. Be3 {A41: 1 d4 d6: Tartakower System and Modern Defence} Nf6 7. Nf3 $146 ({Predecessor:} 7. O-O-O+ Bd6 8. h3 Be6 9. Bg2 Ke7 10. Nf3 h6 11. Nd2 Na5 12. Nde4 Nxe4 13. Nxe4 {1-0 (70) Romanishin,O (2578)-Hort,V (2541) Essen 2000}) 7... Bd6 8. Bg2 {White is slightly better.} Ke7 9. O-O-O h6 10. Nd2 Be6 11. Nde4 Nxe4 12. Nxe4 f5 13. Nc5 Bxc5 14. Bxc5+ Kf6 15. Bxc6 bxc6 16. Rd3 Rhd8 17. Rc3 Rd5 ({Not} 17... Bxa2 $2 18. b3 $18) 18. Ba3 Bd7 19. f3 f4 20. e4 fxe3 21. Rxe3 a5 (21... Ra5 $16) 22. c4 $18 Rd4 23. b3 a4 {[#] aiming for ...axb3.} 24. Bb2 $1 axb3 25. axb3 {Hoping for Rhe1.} Bf5 (25... Kf7 $142 26. Rhe1 (26. Rxe5 Rd3 $16) 26... Rd6 27. Bxe5 Re6 28. Bxg7 Ra2) 26. Rhe1 Rd3 $2 (26... Rd7 27. Rxe5 Kg6) 27. Rxe5 Kg6 28. g4 Bc8 29. Re7 {[%csl Gb2][%cal Re7g7]} Kg5 30. R1e5+ Kg6 {[#]} 31. Rd5 $1 {[%mdl 512] Precision: White = 85%, Black =  8%.} 1-0

[Event "8th RTU Open 2018"]
[Site "Riga"]
[Date "2018.08.08"]
[Round "4"]
[White "Thybo, Jesper Sondergaard"]
[Black "Svane, Rasmus"]
[Result "1/2-1/2"]
[WhiteElo "2496"]
[BlackElo "2591"]
[Annotator "ChessBase"]
[PlyCount "52"]
[EventDate "2018.08.06"]
[EventType "swiss"]
[EventCountry "LAT"]
[SourceTitle "playchess.com"]
[Source "ChessBase"]
[SourceQuality "1"]
[TimeControl "5400+30"]

1. e4 {[%emt 0:00:00]} e6 {[%emt 0:01:44]} 2. d4 {[%emt 0:00:00]} d5 {[%emt 0:00:04]} 3. Nc3 {[%emt 0:00:00]} Nf6 {[%emt 0:00:05]} 4. Bg5 {[%emt 0:00:00]} dxe4 {[%emt 0:01:36]} 5. Nxe4 {[%emt 0:00:00]} Nbd7 {[%emt 0:01:02]} 6. Nf3 {[%emt 0:05:37]} Be7 {[%emt 0:00:04]} 7. Nxf6+ {[%emt 0:02:21]} Bxf6 {[%emt 0:00:06]} 8. Bxf6 {[%emt 0:01:01]} Qxf6 {[%emt 0:00:35]} 9. g3 {[%emt 0:01:55]} b6 {[%emt 0:11:55]} 10. Bg2 {[%emt 0:00:47]} Bb7 {[%emt 0:00:17]} 11. O-O {[%emt 0:02:08]} Rd8 {[%emt 0:01:33]} 12. c3 {[%emt 0:17:22]} c5 {[%emt 0:13:43]} 13. Qe2 {[%emt 0:00:22]} O-O {[%emt 0:05:55]} 14. dxc5 {[%emt 0:08:33]} Nxc5 {[%emt 0:02:28]} 15. Rad1 {[%emt 0:01:18]} Na4 {[%emt 0:22:27]} 16. Nh4 {[%emt 0:09:41]} Bxg2 {[%emt 0:01:01]} 17. Nxg2 {[%emt 0:00:03]} h6 {[%emt 0:08:13]} 18. Ne3 {[%emt 0:03:26]} Qe5 {[%emt 0:04:50]} 19. Rd2 {[%emt 0:02:08]} Qe4 {[%emt 0:03:40]} 20. Rfd1 {[%emt 0:04:34]} Rxd2 {[%emt 0:00:05]} 21. Rxd2 {[%emt 0:00:55]} Nc5 {[%emt 0:01:46]} 22. Qd1 {[%emt 0:01:18]} Qa8 {[%emt 0:03:32]} 23. Rd4 {[%emt 0:02:06]} Ne4 {[%emt 0:02:25]} 24. h4 {[%emt 0:02:20]} Nf6 {[%emt 0:03:24]} 25. Ng4 {[%emt 0:01:28]} Nxg4 {[%emt 0:00:23]} 26. Qxg4 {[%emt 0:00:16]} Rd8 {[%emt 0:01:50]} 1/2-1/2

[Event "8th RTU Open 2018"]
[Site "Riga"]
[Date "2018.08.08"]
[Round "4"]
[White "Kaczur, Florian"]
[Black "Stocek, Jiri"]
[Result "1-0"]
[WhiteElo "2482"]
[BlackElo "2582"]
[Annotator "ChessBase"]
[PlyCount "113"]
[EventDate "2018.08.06"]
[EventType "swiss"]
[EventCountry "LAT"]
[SourceTitle "playchess.com"]
[Source "ChessBase"]
[SourceQuality "1"]
[TimeControl "5400+30"]

1. e4 {[%emt 0:00:00]} e6 {[%emt 0:04:23]} 2. d4 {[%emt 0:00:00]} d5 {[%emt 0:00:11]} 3. Nd2 {[%emt 0:00:08]} Be7 {[%emt 0:01:17]} 4. Bd3 {[%emt 0:01:37]} c5 {[%emt 0:01:24]} 5. dxc5 {[%emt 0:01:11]} Nf6 {[%emt 0:00:19]} 6. Qe2 {[%emt 0:01:55]} O-O {[%emt 0:00:54]} 7. Ngf3 {[%emt 0:02:59]} a5 {[%emt 0:03:11]} 8. c3 {[%emt 0:11:32]} Nfd7 {[%emt 0:05:21]} 9. O-O {[%emt 0:06:28]} Nxc5 {[%emt 0:00:28]} 10. Bc2 {[%emt 0:09:03]} b6 {[%emt 0:05:16]} 11. Rd1 {[%emt 0:02:20]} Ba6 {[%emt 0:03:10]} 12. Qe3 {[%emt 0:01:12]} Nc6 {[%emt 0:04:39]} 13. Nb3 {[%emt 0:02:42]} Re8 {[%emt 0:10:45]} 14. e5 {[%emt 0:11:23]} Nxb3 {[%emt 0:11:04]} 15. axb3 {[%emt 0:00:22]} Bc5 {[%emt 0:03:13]} 16. Qf4 {[%emt 0:01:57]} f5 {[%emt 0:01:16]} 17. Re1 {[%emt 0:11:43]} Qe7 {[%emt 0:03:30]} 18. g4 {[%emt 0:02:44]} fxg4 {[%emt 0:05:22]} 19. Qxg4 {[%emt 0:00:16]} Rf8 {[%emt 0:02:21]} 20. Be3 {[%emt 0:03:51]} g6 {[%emt 0:03:59]} 21. Bg5 {[%emt 0:02:14]} Qf7 {[%emt 0:02:05]} 22. Kg2 {[%emt 0:00:52]} Be7 {[%emt 0:01:59]} 23. Qg3 {[%emt 0:04:37]} Qxf3+ {[%emt 0:09:07]} 24. Qxf3 {[%emt 0:00:06]} Rxf3 {[%emt 0:00:06]} 25. Bxe7 {[%emt 0:00:17]} Rf7 {[%emt 0:00:13]} 26. Bd6 {[%emt 0:01:44]} Bb5 {[%emt 0:03:57]} 27. Re3 {[%emt 0:02:13]} Rc8 {[%emt 0:03:22]} 28. Rd1 {[%emt 0:01:51]} Nd8 {[%emt 0:01:10]} 29. Rd4 {[%emt 0:00:32]} Nb7 {[%emt 0:01:04]} 30. Ba3 {[%emt 0:00:46]} Bc6 {[%emt 0:02:38]} 31. h4 {[%emt 0:01:45]} b5 {[%emt 0:00:24]} 32. Bd1 {[%emt 0:03:18]} Bd7 {[%emt 0:00:51]} 33. h5 {[%emt 0:02:27]} gxh5 {[%emt 0:00:53]} 34. Bxh5 {[%emt 0:00:18]} Rg7+ {[%emt 0:00:13]} 35. Rg3 {[%emt 0:00:24]} Be8 {[%emt 0:02:07]} 36. Rdg4 {[%emt 0:02:00]} Bg6 {[%emt 0:02:45]} 37. Bxg6 {[%emt 0:00:14]} hxg6 {[%emt 0:00:05]} 38. Rxg6 {[%emt 0:00:05]} Rcc7 {[%emt 0:01:12]} 39. Rxe6 {[%emt 0:00:25]} Rxg3+ {[%emt 0:01:18]} 40. fxg3 {[%emt 0:02:00]} d4 {[%emt 0:00:54]} 41. Bd6 {[%emt 0:00:40]} dxc3 {[%emt 0:00:28]} 42. bxc3 {[%emt 0:00:11]} Nxd6 {[%emt 0:01:02]} 43. exd6 {[%emt 0:00:10]} Rd7 {[%emt 0:00:03]} 44. Re5 {[%emt 0:02:16]} Rxd6 {[%emt 0:00:05]} 45. Rxb5 {[%emt 0:00:19]} Rc6 {[%emt 0:00:03]} 46. c4 {[%emt 0:00:28]} a4 {[%emt 0:00:05]} 47. bxa4 {[%emt 0:00:07]} Rxc4 {[%emt 0:00:04]} 48. a5 {[%emt 0:00:10]} Ra4 {[%emt 0:00:06]} 49. Kh3 {[%emt 0:00:09]} Kg7 {[%emt 0:00:43]} 50. g4 {[%emt 0:00:06]} Kf7 {[%emt 0:01:21]} 51. Kh4 {[%emt 0:00:07]} Kg7 {[%emt 0:00:13]} 52. Kh5 {[%emt 0:00:16]} Ra1 {[%emt 0:00:24]} 53. Rb7+ {[%emt 0:00:42]} Kf6 {[%emt 0:00:15]} 54. g5+ {[%emt 0:01:10]} Kf5 {[%emt 0:00:08]} 55. Rb5+ {[%emt 0:00:06]} Kf4 {[%emt 0:00:06]} 56. Kg6 {[%emt 0:00:07]} Kg4 {[%emt 0:00:41]} 57. Kg7 {[%emt 0:00:36]} 1-0

[Event "8th RTU Open 2018"]
[Site "Riga"]
[Date "2018.08.08"]
[Round "4"]
[White "Leenhouts, Koen"]
[Black "Plueg, Andreas"]
[Result "*"]
[WhiteElo "2475"]
[BlackElo "2279"]
[Annotator "TA"]
[PlyCount "32"]
[EventDate "2018.08.06"]
[EventType "swiss"]
[EventCountry "LAT"]
[SourceTitle "playchess.com"]
[Source "ChessBase"]
[SourceQuality "1"]

{[%evp 8,8,16]} 1. d4 d5 2. c4 e6 3. Nf3 Nf6 4. g3 Be7 {Predecessor:} 5. Bg2 $146 O-O 6. O-O dxc4 7. Qc2 a6 8. a4 Bd7 9. Rd1 Bc6 10. Bg5 b5 11. Bxf6 Bxf6 12. Nc3 Qe8 13. e4 g6 14. h4 Nd7 15. axb5 axb5 16. Rxa8 Qxa8 {½-½ (26) Mamedyarov,S (2808)-So,W (2778) Stavanger 2018} *